000 00799nam a2200253Ia 4500
003 OSt
005 20220923212126.0
006 a|||||r|||| 00| 0
007 ta
008 220922b |||||||| |||| 00| 0 hin d
024 _a150,935
037 _cTextual
040 _aARTS
_cARTS
_bhin
041 _2hin
_ahin
082 _aK, 152J8
100 _aसुरेश सिंह
245 0 _aजीव जगत
246 _aJīv jagata
260 _aउत्तर प्रदेश
_b प्रकाशन शाखा सूचना विभाग
_c1958
300 _a727 पृ.
_ccm.
490 _aहिन्दी समिति ग्रन्थमाला; 14
942 _hK, 152J8
_cTEXL
_2CC
999 _c306615
_d306615